000 00612nam a2200193Ia 4500
001 13253
003 GE_BSU
008 181216s||||||||xx |||||||||||||| ||und||
040 _cGE_BSU
080 _a586(08)
100 _aТалиев,В.И.
245 _aОпределитель высших растении европейской части СССР
260 _aМосква
260 _bОгиз-сельхозгиз
260 _c1941
300 _a647стр.илл.27см.
653 _aОпределитель высших растении европейской части СССР
942 _cBK
999 _c46417
_d46417